1350 1582 1813 1796 1958 1557 1629 1207 1919 1590 1215 1904 1203 1917 1769 1059 1143 1255 1533 1292 1254 1056 1939 1594 1350 1170 1544 1901 1088 1324 1857 1975 1024 1956 1280 1047 1096 1418 1367 1891 1195 1282 1134 1486 1000 1079 1193 1857 1283 1775 1058 1098 1926 1189 1528 1009 1142 1462 1474 1500 1758 1331 1633 1168 2000 1480 1765 1213 1095 1982 1484 1346 1282 1903 1755 1231 1981 1463 1750 1530 1575 1808 1589 1029 1424 1307 1002 1534 1461 1040 1839 1728 1834 1433 1824 1333 1973 1738 1162 BCNSPRNW ULIB Ver.6.0+V

เปลี่ยนเป็นภาษาไทย

Change to English
 แสดงรายละเอียดบรรณานุกรม
  กลับหน้าหลัก

Brief Record : Get Marc (ISO 2709) : E-mail record : QR code < ปิดหน้าต่าง
LEADER : 00000nam 2200000uu 4500
001    13399112192
003     ULIB
008    110729s2543||||th 000 0 tha d
020    9748585859
040    cl
050  4 HD37.75^bน157ค 2543
100 0  นนทวัฒน์ สุขผล
245 10 คู่มือปฏิบัติการฝึกอบรม /^cนนทวัฒน์ สุขผล
250    พิมพ์ครั้งที่ 1
260    กรุงเทพฯ :^bเอ็กซเปอร์เน็ท,^c2543
300    86 หน้า ;^c21 ซม.
440  0 หนังสือชุดพัฒนาทรัพยากรบุคคล
650  4 การฝึกอบรม^xคู่มือ
650  4 การพัฒนาทรัพยากรมนุษย์
945    ^p150^l0^i012584
945    ^p150^l0^i012585
995    ทศพร
999 ^a ทศพร
รายการนี้ยังไม่มีแท็ก
คุณยังไม่ได้ล็อกอิน คุณสามารถมีกิจกรรมร่วมกับเว็บไซต์ได้ แต่ต้องล็อกอินก่อน ::
  ล็อกอิน

รายการสื่อสารสนเทศ

ลำดับที่ ประเภท เลขเรียก/บาร์โค้ด สถานที่ สถานะ
- ไม่พบข้อมูล -

รายการใกล้เคียง
    หัวเรื่อง [การพัฒนาทรัพยากรมนุษย์]

BibComment


ยังไม่เคยถูกคอมเมนท์

คอมเมนท์ทรัพยากรรายการนี้
  คอมเมนท์: คู่มือปฏิบัติการฝ..


 Copyright 2026. Bcnsprnw @Library